How do you know? : (Record no. 8433)

MARC details
000 -LEADER
fixed length control field 01018nac a22002771u 4500
010 ## - LIBRARY OF CONGRESS CONTROL NUMBER
LC control number 2006281484
020 ## - INTERNATIONAL STANDARD BOOK NUMBER
International Standard Book Number 0745325157 (hardback)
020 ## - INTERNATIONAL STANDARD BOOK NUMBER
International Standard Book Number 0745325149 (paperback)
035 ## - SYSTEM CONTROL NUMBER
System control number (OCoLC)ocm71330606
082 00 - DEWEY DECIMAL CLASSIFICATION NUMBER
Classification number 297.27
Item number SAR
090 ## - LOCALLY ASSIGNED LC-TYPE CALL NUMBER (OCLC); LOCAL CALL NUMBER (OCLC)
-- 8433
-- 8433
100 ## - MAIN ENTRY--PERSONAL NAME
Personal name Sardar, Ziauddin.
245 10 - TITLE STATEMENT
Title How do you know? :
Remainder of title reading Ziauddin Sardar on Islam, science and cultural relations /
Statement of responsibility, etc Ziauddin Sardar ; introduced and edited by Ehsan Masood.
260 ## - PUBLICATION, DISTRIBUTION, ETC. (IMPRINT)
Place of publication, distribution, etc London ;
-- Ann Arbor :
Name of publisher, distributor, etc Pluto Press,C.2006.
Date of publication, distribution, etc C.2006.
300 ## - PHYSICAL DESCRIPTION
Extent 349 p. ;
Dimensions 22 cm.
500 ## - GENERAL NOTE
General note Includes index.
500 ## - GENERAL NOTE
General note Distributer: Al-Ahram.
511 ## - PARTICIPANT OR PERFORMER NOTE
Participant or performer note Catalogued By: Mahitab.
650 #0 - SUBJECT ADDED ENTRY--TOPICAL TERM
Topical term or geographic name as entry element Islam
Chronological subdivision 21st century.
650 #0 - SUBJECT ADDED ENTRY--TOPICAL TERM
Topical term or geographic name as entry element Islam and world politics.
650 #0 - SUBJECT ADDED ENTRY--TOPICAL TERM
Topical term or geographic name as entry element Islam and science.
650 #0 - SUBJECT ADDED ENTRY--TOPICAL TERM
Topical term or geographic name as entry element Religion and politics.
700 1# - ADDED ENTRY--PERSONAL NAME
Personal name Masood, Ehsan.
856 42 - ELECTRONIC LOCATION AND ACCESS
Materials specified Publisher description
Uniform Resource Identifier <a href="http://www.loc.gov/catdir/enhancements/fy0812/2006281484-d.html">http://www.loc.gov/catdir/enhancements/fy0812/2006281484-d.html</a>
942 ## - ADDED ENTRY ELEMENTS (KOHA)
Item type Book - Borrowing
Call number prefix 297.27SAR
Holdings
Withdrawn status Item status Damaged status Not for loan Home library Current library Shelving location Date acquired Source of acquisition Total Checkouts Total Renewals Full call number Barcode Date last seen Date last borrowed Koha item type
        Central Library Central Library Lower Floor 09/03/2008 Purchase 3 11 297.27SAR 000010258 15/07/2025 20/04/2019 Book - Borrowing